| 000 | 00562nas a2200217 a 4500 | ||
|---|---|---|---|
| 001 | 15296 | ||
| 003 | 30217 | ||
| 005 | 20201118095434.0 | ||
| 008 | ||||||n9999 ||| || || | ||
| 020 | _a9586141772 | ||
| 041 | _aspa | ||
| 082 |
_219 _a920 |
||
| 100 | _aPujol, Carlos | ||
| 245 | 0 |
_aForjadores del mundo contemporaneo : _blos 131 personajes que mas han influido en la formacion de nuestro mundo |
|
| 260 |
_aBogotá : _bPLANE, _c1986. |
||
| 300 | _a4v | ||
| 562 | _e0 | ||
| 650 | _aBIOGRAFÍAS | ||
| 650 | _aHISTORIA UNIVERSAL | ||
| 942 | _cBKM | ||
| 999 |
_c15296 _d15296 |
||